000
00224nam a2200085Ia 4500
008
170620s9999 xx 000 0 und d
100
_a
Randhawa- Gurpreet
245
0
_a
Education and Human Resource Management
260
_b
New Delhi- A.P.H
260
_c
2011
999
_c
25779
_d
25779